| 000 | 00353nam a22001457a 4500 | ||
|---|---|---|---|
| 005 | 20251119102946.0 | ||
| 008 | 251119b |||||||| |||| 00| 0 eng d | ||
| 040 |
_a _c |
||
| 100 |
_aCHOUDHARY NARAYAN _91103 |
||
| 245 | _aSAHITYA SAMASHYA | ||
| 250 | _a1ST | ||
| 260 |
_aKOLKATA _bAKHILCHANDA NANDI _c1951 |
||
| 300 | _a146:P | ||
| 942 |
_2ddc _cBK |
||
| 999 |
_c32192 _d32192 |
||